000 00510 a2200169 4500
020 _a0534524184
040 _aDLC
_bDLC
082 0 4 _a150.72
100 1 _aMcBurney, Donald,
245 1 0 _aResearch methods
_cDonald H. McBurney, Theresa L. White.
260 _aAustralia ;
_bWadsworth/Thomson,
_cc2004.
300 _axv, 438 p. :
_bill. ;
_c24 cm.
650 0 _aPsychology, Experimental
_xMethodology.
650 0 _aPsychology
_xResearch
_xMethodology.
700 1 _aWhite, Theresa L.
942 _cBK
_k150.72 MCB
_2ddc
999 _c4401
_d4401